Compras estatales e integración económica (Registro nro. 6655)
[ vista simple ]
| 000 -LEADER | |
|---|---|
| fixed length control field | 00929 a2200205 4500 |
| 001 - CONTROL NUMBER | |
| control field | 59349 |
| 005 - DATE AND TIME OF LATEST TRANSACTION | |
| control field | 20260407155847.0 |
| 008 - FIXED-LENGTH DATA ELEMENTS--GENERAL INFORMATION | |
| fixed length control field | 260407a1982 arg spa d |
| 003 - CONTROL NUMBER IDENTIFIER | |
| control field | AR-UNSa-BCEJYS |
| 040 ## - CATALOGING SOURCE | |
| Original cataloging agency | AR-UNSa-BCEJYS |
| Language of cataloging | spa |
| Transcribing agency | AR-UNSa-BCEJYS |
| 080 ## - UNIVERSAL DECIMAL CLASSIFICATION NUMBER | |
| Universal Decimal Classification number | 338.2(8) |
| Common auxiliary subdivision | Política económica. Control de la economía. gestión de la economía. planificación económica en América Latina |
| 100 1# - MAIN ENTRY--PERSONAL NAME | |
| Personal name | Ondarts, Guillermo |
| 245 10 - TITLE STATEMENT | |
| Title | Compras estatales e integración económica |
| 264 #1 - PRODUCTION, PUBLICATION, DISTRIBUTION, MANUFACTURE, AND COPYRIGHT NOTICE | |
| Place of production, publication, distribution, manufacture | Buenos Aires : |
| Name of producer, publisher, distributor, manufacturer | BID/INTAL (Banco Interamericano de Desarrollo. Instituto para la integración de América Latina) |
| Date of production, publication, distribution, manufacture, or copyright notice | 1982 |
| 300 ## - PHYSICAL DESCRIPTION | |
| Extent | 274 p. |
| Dimensions | 23 cm. |
| 505 ## - FORMATTED CONTENTS NOTE | |
| Formatted contents note | 1. El poder de compra del sector público latinoamericano – 2. Análisis comparativo de las regulaciones nacionales – 3. Regulaciones regionales e internacionales - |
| 590 ## - LOCAL NOTE (RLIN) | |
| Local note | niveau_biblio:m niveau_hierar:0 |
| 700 1# - ADDED ENTRY--PERSONAL NAME | |
| Personal name | Correa, Carlos María |
| 942 ## - ADDED ENTRY ELEMENTS (KOHA) | |
| Koha item type | |
| Withdrawn status | Lost status | Damaged status | Not for loan | Home library | Current library | Shelving location | Date acquired | Total checkouts | Full call number | Barcode | Date last seen | Price effective from | Koha item type |
|---|---|---|---|---|---|---|---|---|---|---|---|---|---|
| Biblioteca Prof. Eusebio Cleto del Rey | Biblioteca Prof. Eusebio Cleto del Rey | 07/04/2026 | 338.2(8) O58 | L44075 | 07/04/2026 | 07/04/2026 | Libro |